| 000 | 00831nam a2200229 a 4500 | ||
|---|---|---|---|
| 005 | 20231013063620.0 | ||
| 008 | 030929s19941999mx r 000 0 spa d | ||
| 020 | _a950166254X | ||
| 035 | _aUPN01000129335 | ||
| 049 | _aCG | ||
| 050 | 4 |
_aLB1653 _bL3.3 |
|
| 100 | 1 | _aLara, Albina L. | |
| 245 | 1 | 4 |
_aLos cambios mundiales y la enseñanza de la geografía / _cAlbina L. Lara, Diana Durán, Celia Daguerre ; con la colab. de Susana Pironio, Beatriz Santiago, Graciela Leclercq. |
| 260 |
_aBuenos Aires : _bTroquel, _c1994 (1999 impr.). |
||
| 300 |
_a220 p. : _bil. |
||
| 440 | 0 | _aTroquel educación | |
| 650 | 4 |
_aGeografía _xEstudio y enseñanza (Elemental) _92801 |
|
| 650 | 4 |
_aGeografía _xEstudio y enseñanza (Secundaria) _95961 |
|
| 700 | 1 |
_aDurán, Diana, _ecoaut. |
|
| 700 | 1 |
_aDaguerre, Celia, _ecoaut. |
|
| 905 | _aLibro | ||
| 999 |
_c101507 _d101507 |
||